<?xml version="1.0" encoding="UTF-8"?>
<record
    xmlns:xsi="http://www.w3.org/2001/XMLSchema-instance"
    xsi:schemaLocation="http://www.loc.gov/MARC21/slim http://www.loc.gov/standards/marcxml/schema/MARC21slim.xsd"
    xmlns="http://www.loc.gov/MARC21/slim">

  <leader>01182nam a22002417a 4500</leader>
  <controlfield tag="005">20130607123246.0</controlfield>
  <controlfield tag="008">090728t        xxu||||| |||| 00| 0 pun d</controlfield>
  <datafield tag="010" ind1=" " ind2=" ">
    <subfield code="a">PUN-7431       B-494034-038</subfield>
  </datafield>
  <datafield tag="020" ind1=" " ind2=" ">
    <subfield code="c">250.00</subfield>
    <subfield code="a">9788178563374</subfield>
  </datafield>
  <datafield tag="035" ind1=" " ind2=" ">
    <subfield code="a">PN-6549        B-494034-038</subfield>
  </datafield>
  <datafield tag="037" ind1=" " ind2=" ">
    <subfield code="b">DBAD / PUB/Waris Shah Foundations</subfield>
  </datafield>
  <datafield tag="037" ind1=" " ind2=" ">
    <subfield code="b">BPPD/KKP</subfield>
  </datafield>
  <datafield tag="040" ind1=" " ind2=" ">
    <subfield code="a">dpl</subfield>
    <subfield code="b">PN</subfield>
  </datafield>
  <datafield tag="082" ind1=" " ind2=" ">
    <subfield code="a">852.08</subfield>
  </datafield>
  <datafield tag="100" ind1=" " ind2=" ">
    <subfield code="9">37323</subfield>
    <subfield code="a">&#xA2C;&#xA4D;&#xA30;&#xA39;&#xA2E;&#xA1C;&#xA17;&#xA26;&#xA40;&#xA38;&#xA3C; &#xA38;&#xA3F;&#xA70;&#xA18;</subfield>
  </datafield>
  <datafield tag="245" ind1=" " ind2=" ">
    <subfield code="a"> &#xA2A;&#xA70;&#xA1C;&#xA3E;&#xA2C;&#xA40; &#xA28;&#xA3E;&#xA1F;&#xA15; &#xA24;&#xA47; &#xA07;&#xA15;&#xA3E;&#xA02;&#xA17;&#xA40; : </subfield>
    <subfield code="c">&#xA2C;&#xA4D;&#xA30;&#xA39;&#xA2E;&#xA1C;&#xA17;&#xA26;&#xA40;&#xA38;&#xA3C; &#xA38;&#xA3F;&#xA70;&#xA18;</subfield>
    <subfield code="b">&#xA38;&#xA3F;&#xA27;&#xA3E;&#xA02;&#xA24;,&#xA07;&#xA24;&#xA3F;&#xA39;&#xA3E;&#xA38; &#xA24;&#xA47; &#xA2A;&#xA4D;&#xA30;&#xA35;&#xA3F;&#xA30;&#xA24;&#xA40;&#xA06;&#xA02; /</subfield>
  </datafield>
  <datafield tag="246" ind1=" " ind2=" ">
    <subfield code="a"> Punjabi Natak te Ikangi (sidhant,itihas Ate Parvirtian )</subfield>
    <subfield code="b">by BrahmJagdish Singh</subfield>
  </datafield>
  <datafield tag="260" ind1=" " ind2=" ">
    <subfield code="a">Amritsar</subfield>
    <subfield code="b">Waris Shah Foundations</subfield>
    <subfield code="c">2012</subfield>
  </datafield>
  <datafield tag="270" ind1=" " ind2=" ">
    <subfield code="b">42, Guru Teg Bahadur Nagar,</subfield>
    <subfield code="a">Amritsar (Pb)</subfield>
    <subfield code="k">0183-2450520</subfield>
    <subfield code="e">143 002</subfield>
  </datafield>
  <datafield tag="300" ind1=" " ind2=" ">
    <subfield code="a">176&#xA2A;&#xA02;;</subfield>
    <subfield code="b">21&#xA38;&#xA47;&#xA02;&#xA2E;&#xA40;(&#xA38;&#xA1C;&#xA3F;&#xA32;&#xA26;)</subfield>
  </datafield>
  <datafield tag="942" ind1=" " ind2=" ">
    <subfield code="2">ddc</subfield>
    <subfield code="c">PN</subfield>
    <subfield code="h">852.08</subfield>
    <subfield code="m">&#xA2C;&#xA4D;&#xA30;&#xA39;&#xA2E;</subfield>
  </datafield>
  <datafield tag="999" ind1=" " ind2=" ">
    <subfield code="c">70991</subfield>
    <subfield code="d">70991</subfield>
  </datafield>
  <datafield tag="952" ind1=" " ind2=" ">
    <subfield code="0">0</subfield>
    <subfield code="1">0</subfield>
    <subfield code="2">ddc</subfield>
    <subfield code="4">0</subfield>
    <subfield code="7">0</subfield>
    <subfield code="8">NFIC</subfield>
    <subfield code="a">DBAD</subfield>
    <subfield code="b">DBAD</subfield>
    <subfield code="d">2012-10-18</subfield>
    <subfield code="e">DBAD / PUB</subfield>
    <subfield code="g">250.00</subfield>
    <subfield code="l">0</subfield>
    <subfield code="o">852.08 &#xA2C;&#xA4D;&#xA30;&#xA39;&#xA2E;</subfield>
    <subfield code="p">PN-6549</subfield>
    <subfield code="r">2012-10-18 00:00:00</subfield>
    <subfield code="t">1</subfield>
    <subfield code="v">250.00</subfield>
    <subfield code="w">2012-10-18</subfield>
    <subfield code="y">PN</subfield>
  </datafield>
  <datafield tag="952" ind1=" " ind2=" ">
    <subfield code="0">0</subfield>
    <subfield code="1">0</subfield>
    <subfield code="2">ddc</subfield>
    <subfield code="4">0</subfield>
    <subfield code="7">0</subfield>
    <subfield code="8">NFIC</subfield>
    <subfield code="a">L</subfield>
    <subfield code="b">L</subfield>
    <subfield code="d">2013-06-07</subfield>
    <subfield code="e">BPPD/162/21.2.13/2963/8.3.13/13.3.13</subfield>
    <subfield code="g">250.00</subfield>
    <subfield code="l">2</subfield>
    <subfield code="m">1</subfield>
    <subfield code="o">852.08 &#xA2C;&#xA4D;&#xA30;&#xA39;&#xA2E;</subfield>
    <subfield code="p">B-494034</subfield>
    <subfield code="r">2024-03-30 00:00:00</subfield>
    <subfield code="s">2024-03-06</subfield>
    <subfield code="t">1</subfield>
    <subfield code="v">250.00</subfield>
    <subfield code="w">2013-06-07</subfield>
    <subfield code="y">PN</subfield>
  </datafield>
  <datafield tag="952" ind1=" " ind2=" ">
    <subfield code="0">0</subfield>
    <subfield code="1">0</subfield>
    <subfield code="2">ddc</subfield>
    <subfield code="4">0</subfield>
    <subfield code="7">0</subfield>
    <subfield code="8">NFIC</subfield>
    <subfield code="a">M</subfield>
    <subfield code="b">M</subfield>
    <subfield code="d">2013-06-07</subfield>
    <subfield code="e">BPPD/162/21.2.13/2963/8.3.13/13.3.13</subfield>
    <subfield code="g">250.00</subfield>
    <subfield code="l">0</subfield>
    <subfield code="o">852.08 &#xA2C;&#xA4D;&#xA30;&#xA39;&#xA2E;</subfield>
    <subfield code="p">B-494035</subfield>
    <subfield code="r">2013-06-07 00:00:00</subfield>
    <subfield code="t">1</subfield>
    <subfield code="v">250.00</subfield>
    <subfield code="y">PN</subfield>
  </datafield>
  <datafield tag="952" ind1=" " ind2=" ">
    <subfield code="0">0</subfield>
    <subfield code="1">0</subfield>
    <subfield code="2">ddc</subfield>
    <subfield code="4">0</subfield>
    <subfield code="7">0</subfield>
    <subfield code="8">NFIC</subfield>
    <subfield code="a">M</subfield>
    <subfield code="b">M</subfield>
    <subfield code="d">2013-06-07</subfield>
    <subfield code="e">BPPD/162/21.2.13/2963/8.3.13/13.3.13</subfield>
    <subfield code="g">250.00</subfield>
    <subfield code="l">0</subfield>
    <subfield code="o">852.08 &#xA2C;&#xA4D;&#xA30;&#xA39;&#xA2E;</subfield>
    <subfield code="p">B-494036</subfield>
    <subfield code="r">2013-06-07 00:00:00</subfield>
    <subfield code="t">1</subfield>
    <subfield code="v">250.00</subfield>
    <subfield code="y">PN</subfield>
  </datafield>
  <datafield tag="952" ind1=" " ind2=" ">
    <subfield code="0">0</subfield>
    <subfield code="1">5</subfield>
    <subfield code="2">ddc</subfield>
    <subfield code="4">0</subfield>
    <subfield code="7">0</subfield>
    <subfield code="8">NFIC</subfield>
    <subfield code="a">TN</subfield>
    <subfield code="b">TN</subfield>
    <subfield code="d">2013-06-07</subfield>
    <subfield code="e">BPPD/162/21.2.13/2963/8.3.13/13.3.13</subfield>
    <subfield code="g">250.00</subfield>
    <subfield code="l">0</subfield>
    <subfield code="o">852.08 &#xA2C;&#xA4D;&#xA30;&#xA39;&#xA2E;</subfield>
    <subfield code="p">B-494037</subfield>
    <subfield code="r">2013-06-07 00:00:00</subfield>
    <subfield code="t">1</subfield>
    <subfield code="v">250.00</subfield>
    <subfield code="y">PN</subfield>
  </datafield>
  <datafield tag="952" ind1=" " ind2=" ">
    <subfield code="0">0</subfield>
    <subfield code="1">0</subfield>
    <subfield code="2">ddc</subfield>
    <subfield code="4">0</subfield>
    <subfield code="7">0</subfield>
    <subfield code="8">NFIC</subfield>
    <subfield code="a">SP</subfield>
    <subfield code="b">SP</subfield>
    <subfield code="d">2013-06-07</subfield>
    <subfield code="e">BPPD/162/21.2.13/2963/8.3.13/13.3.13</subfield>
    <subfield code="g">250.00</subfield>
    <subfield code="l">0</subfield>
    <subfield code="o">852.08 &#xA2C;&#xA4D;&#xA30;&#xA39;&#xA2E;</subfield>
    <subfield code="p">B-494038</subfield>
    <subfield code="r">2013-06-07 00:00:00</subfield>
    <subfield code="t">1</subfield>
    <subfield code="v">250.00</subfield>
    <subfield code="y">PN</subfield>
  </datafield>
</record>
